| 000 | 00464nam a22001817a 4500 | ||
|---|---|---|---|
| 003 | NUST - PNEC | ||
| 005 | 20170116181143.0 | ||
| 008 | 151008b xxu||||| |||| 00| 0 eng d | ||
| 020 | _a0632039043 | ||
| 040 | _cLIBRARY | ||
| 082 | _a624.402 HUG | ||
| 100 |
_914823 _aHughes, Terry |
||
| 245 |
_aQuality assurance : a framework to build on _cTerry Hughes, |
||
| 250 | _a2nd ed | ||
| 260 | _cc1995. | ||
| 650 |
_914826 _aQuality assurance |
||
| 942 |
_2ddc _cBK |
||
| 999 |
_c70586 _d70586 |
||